| 000 | 00000nam##2200000za#4500 |
| 001 | 9.566411 |
| 003 | CaOODSP |
| 005 | 20210624180257 |
| 007 | cr ||||||||||| |
| 008 | 150406|2005||||xxc|||||o f|0| 0 eng|d |
| 040 | |aCaOODSP|beng |
| 043 | |an-cn--- |
| 086 | 1 |aTU3-5/05-7E-PDF |
| 110 | 2 |aTransportation Safety Board of Canada. |
| 245 | 10|aLanding beside the runway - Scott Aviation Hawker Siddeley HS 125-600A N21SA, Bromont Airport, Quebec, 21 February 2005 |h[electronic resource] |
| 260 | |aGatineau - Quebec : |bTransportation Safety Board of Canada |c[2006]. |
| 300 | |a13p.|bfigs., photographs |
| 490 | 1 |aAviation investigation report |vA05Q0024 |
| 590 | |a10-05-Supp|b2010-07-20 |
| 690 | 07|aAircraft accidents|2gcpds |
| 775 | 08|tAtterrissage à côté de la piste du Hawker Siddeley HS 125-600A N21SA exploité par Scott Aviation à l'aéroport de Bromont (Québec), le 21 février 2005 |w(CaOODSP)9.597904 |
| 830 | #0|aAviation investigation report ;|vA05Q0024|w(CaOODSP)9.504825 |
| 856 | 40|ahttp://publications.gc.ca|qPDF|s709 KB|uhttps://publications.gc.ca/collections/collection_2009/bst-tsb/TU3-5-05-7E.pdf|yA05Q0024 |